000 00473nab a2200145Ia 4500
003 ES-SlBCS
005 20210601125238.0
008 140529s1977 xxu||||| |||| 00| 0 eng d
041 _aeng
100 1 _aSuchting, J. B.
_9155911
245 0 0 _aOn a Criticism of Marx on Law and Relations of Production
_c J. B. Suchting
650 0 4 _aCrítica Marxista-Ley
_9155912
773 0 _tPhilosophy and Phenomenological Research
_gvol. 38, 1977, págs. 200-208
_wRev1411
942 _cAR
999 _c527153
_d527153